[Event "AUT-ch U08"]
[Site "Schladming"]
[Date "2012.06.08"]
[Round "2.7"]
[White "Wernisch, Eduard"]
[Black "Milanovic, Giulio"]
[Result "1-0"]
[WhiteElo "1122"]
[BlackElo "936"]
[PlyCount "79"]
[EventDate "2012.06.08"]
[EventType "swiss"]
[EventRounds "7"]
[EventCountry "AUT"]
[SourceTitle "EXT 2024"]
[Source "ChessBase"]
[SourceDate "2023.10.10"]
[SourceVersion "1"]
[SourceVersionDate "2023.10.10"]
[SourceQuality "1"]

1. c4 c5 2. d3 e5 3. Nf3 Nf6 4. g3 d6 5. Bg2 b5 6. cxb5 d5 7. Nxe5 Bd6 8. Nf3 Nbd7 9. Nc3 0-0 10. 0-0 Nb6 11. d4 Be6 12. dxc5 Bxc5 13. Na4 Nxa4 14. Qxa4 Qc8 15. Ne5 a6 16. bxa6 Bd7 17. Qc2 Rxa6 18. Be3 Bf5 19. Qxc5 Qxc5 20. Bxc5 Rd8 21. Rac1 Ne4 22. Bxe4 Bxe4 23. Be3 Rb8 24. h3 Rxa2 25. Nd7 Rd8 26. Bg5 f6 27. Nxf6+ Kf7 28. Nxe4 Rda8 29. Nc5 Ra1 30. Rxa1 Rxa1 31. Rxa1 h6 32. Be3 Ke7 33. b4 Kd6 34. b5 Kc7 35. Ra6 Kb8 36. b6 Kc8 37. b7+ Kd8 38. Ra8+ Kc7 39. b8Q+ Kc6 40. Ra6# 1-0